[Event "ESP-chT Div I 2018"]
[Site "Linares"]
[Date "2018.08.11"]
[Round "6"]
[White "Vazquez Torres, Adrian"]
[Black "Gutierrez Olivares, Daniel"]
[Result "0-1"]
[WhiteElo "2174"]
[BlackElo "2297"]
[Annotator "NA"]
[PlyCount "72"]
[EventDate "2018.08.06"]
[EventType "team-tourn"]
[EventCountry "ESP"]
[SourceTitle "playchess.com"]
[Source "ChessBase"]
[SourceQuality "1"]
[TimeControl "40/5400+30:1800+30"]

1. c4 {[%emt 0:00:00]} d6 {[%emt 0:01:01]} 2. d4 {[%emt 0:00:02]} f5 {[%emt 0:00:40]} 3. Nf3 {[%emt 0:00:32]} Nf6 {[%emt 0:00:41]} 4. e3 {[%emt 0:02:39]} g6 {[%emt 0:01:30]} 5. b3 {[%emt 0:00:59]} Bg7 {[%emt 0:01:50]} 6. Bb2 {[%emt 0:00:06]} O-O {[%emt 0:01:45]} 7. Nbd2 {[%emt 0:01:28]} Qe8 {[%emt 0:03:28]} 8. Qc2 {[%emt 0:03:49]} Nc6 {[%emt 0:01:06]} 9. d5 {[%emt 0:13:29]} Nb4 {[%emt 0:00:49]} 10. Qc1 {[%emt 0:02:03]} a5 {[%emt 0:01:51]} 11. a3 {[%emt 0:02:52]} Na6 {[%emt 0:00:16]} 12. Bc3 {[%emt 0:09:29]} Nc5 {[%emt 0:02:51]} 13. Qb2 {[%emt 0:00:07]} c6 {[%emt 0:01:18]} 14. Be2 {[%emt 0:09:21]} Bh6 {[%emt 0:02:57]} 15. dxc6 {[%emt 0:10:40]} bxc6 {[%emt 0:01:23]} 16. Qc2 {[%emt 0:00:05]} Nce4 {[%emt 0:05:43]} 17. Nxe4 {[%emt 0:01:07]} Nxe4 {[%emt 0:05:43]} 18. Bb2 {[%emt 0:00:45]} g5 {[%emt 0:01:53]} 19. h4 {[%emt 0:10:05]} g4 {[%emt 0:01:44]} 20. Ng5 {[%emt 0:00:06]} Nf6 {[%emt 0:03:48]} 21. f3 {[%emt 0:05:10]} Qg6 22. O-O-O {[%emt 0:00:19]} Rb8 {[%emt 0:11:19]} 23. fxg4 {[%emt 0:09:56]} Nxg4 {[%emt 0:01:01]} 24. Bxg4 {[%emt 0:00:04]} fxg4 {[%emt 0:00:10]} 25. Rdf1 {[%emt 0:00:58]} Bf5 {[%emt 0:03:02]} 26. Qc3 {[%emt 0:00:01]} Bg7 {[%emt 0:02:05]} 27. Qxg7+ {[%emt 0:00:18]} Qxg7 {[%emt 0:00:02]} 28. Bxg7 {[%emt 0:00:09]} Kxg7 {[%emt 0:00:06]} 29. e4 {[%emt 0:01:06]} Bd7 {[%emt 0:00:22]} 30. e5 {[%emt 0:00:41]} Bf5 {[%emt 0:02:20]} 31. exd6 {[%emt 0:00:55]} exd6 {[%emt 0:00:20]} 32. Re1 {[%emt 0:02:19]} Rxb3 {[%emt 0:02:07]} 33. Rhf1 {[%emt 0:00:55]} Rc3+ {[%emt 0:05:04]} 34. Kb2 {[%emt 0:00:47]} Rc2+ {[%emt 0:00:22]} 35. Ka1 {[%emt 0:00:11]} Rxg2 {[%emt 0:05:12]} 36. Re7+ {[%emt 0:00:00]} Kg8 {[%emt 0:00:32]} 0-1

[Event "ESP-chT Div I 2018"]
[Site "Linares"]
[Date "2018.08.11"]
[Round "6"]
[White "Vega Gutierrez, Belinda Vidina"]
[Black "Rodrigo Yanguas, Maria"]
[Result "1-0"]
[WhiteElo "2165"]
[BlackElo "2062"]
[Annotator "NA"]
[PlyCount "123"]
[EventDate "2018.08.06"]
[EventType "team-tourn"]
[EventCountry "ESP"]
[SourceTitle "playchess.com"]
[Source "ChessBase"]
[SourceQuality "1"]
[TimeControl "40/5400+30:1800+30"]

1. e4 {[%emt 0:00:00]} e6 {[%emt 0:00:00]} 2. d4 {[%emt 0:00:00]} d5 {[%emt 0:00:00]} 3. Nd2 {[%emt 0:00:02]} Be7 {[%emt 0:00:09]} 4. Ngf3 {[%emt 0:00:16]} Nf6 {[%emt 0:00:30]} 5. e5 {[%emt 0:00:14]} Nfd7 {[%emt 0:00:18]} 6. Bd3 {[%emt 0:00:17]} c5 {[%emt 0:00:20]} 7. O-O {[%emt 0:00:18]} Nc6 {[%emt 0:03:37]} 8. Re1 {[%emt 0:00:09]} cxd4 {[%emt 0:06:44]} 9. Nb3 {[%emt 0:00:31]} Qb6 {[%emt 0:03:14]} 10. a4 {[%emt 0:00:33]} a5 {[%emt 0:03:19]} 11. Bf4 {[%emt 0:20:34]} Nc5 {[%emt 0:10:25]} 12. Nfxd4 {[%emt 0:07:57]} Nb4 {[%emt 0:04:45]} 13. Bb5+ {[%emt 0:19:55]} Bd7 {[%emt 0:01:17]} 14. Be3 {[%emt 0:01:43]} Qc7 {[%emt 0:17:21]} 15. c3 {[%emt 0:13:19]} Nxb3 {[%emt 0:01:40]} 16. Nxb3 {[%emt 0:04:36]} Na6 {[%emt 0:02:40]} 17. Qd4 {[%emt 0:00:46]} Bd8 {[%emt 0:14:27]} 18. f4 {[%emt 0:01:09]} O-O {[%emt 0:00:57]} 19. Rf1 {[%emt 0:13:51]} Nb8 {[%emt 0:02:06]} 20. Rf3 {[%emt 0:01:16]} Nc6 {[%emt 0:01:38]} 21. Qd2 {[%emt 0:00:56]} Ne7 {[%emt 0:00:20]} 22. Bd3 {[%emt 0:00:20]} Ng6 {[%emt 0:07:25]} 23. Rh3 {[%emt 0:04:23]} f5 {[%emt 0:01:29]} 24. Qe2 {[%emt 0:01:10]} Be8 {[%emt 0:01:37]} 25. Nd4 {[%emt 0:01:17]} Qf7 {[%emt 0:01:44]} 26. Nf3 {[%emt 0:00:52]} Rc8 {[%emt 0:02:15]} 27. c4 {[%emt 0:00:12]} dxc4 {[%emt 0:01:00]} 28. Bxc4 {[%emt 0:00:09]} Bc6 {[%emt 0:00:45]} 29. Nd4 {[%emt 0:00:11]} Bd5 {[%emt 0:00:35]} 30. Bxd5 {[%emt 0:00:25]} exd5 {[%emt 0:00:01]} 31. Qh5 {[%emt 0:04:18]} h6 {[%emt 0:00:22]} 32. Rg3 {[%emt 0:00:40]} Kh7 {[%emt 0:02:24]} 33. Qe2 {[%emt 0:00:37]} Rc4 {[%emt 0:00:42]} 34. b3 {[%emt 0:00:12]} Rc3 {[%emt 0:01:04]} 35. Qd2 {[%emt 0:00:08]} Rc8 {[%emt 0:00:22]} 36. Nb5 {[%emt 0:00:54]} Be7 {[%emt 0:03:09]} 37. Qxa5 {[%emt 0:00:10]} Bc5 {[%emt 0:00:10]} 38. Bxc5 {[%emt 0:00:48]} Rxc5 {[%emt 0:00:06]} 39. Qd2 {[%emt 0:00:09]} Qe7 {[%emt 0:01:25]} 40. Nd4 {[%emt 0:01:38]} Qh4 {[%emt 0:01:26]} 41. Rf3 {[%emt 0:30:04]} Qe7 {[%emt 0:31:29]} 42. g3 {[%emt 0:01:33]} Qd7 {[%emt 0:00:36]} 43. Rd1 {[%emt 0:00:24]} Rfc8 {[%emt 0:00:17]} 44. Rd3 {[%emt 0:00:39]} Ne7 {[%emt 0:00:30]} 45. Qe3 {[%emt 0:00:46]} Qe8 {[%emt 0:00:33]} 46. Qf3 {[%emt 0:00:49]} Kh8 {[%emt 0:01:09]} 47. Nb5 {[%emt 0:00:32]} Qg6 {[%emt 0:01:17]} 48. Kh1 {[%emt 0:01:00]} Rc2 {[%emt 0:00:19]} 49. Rc3 {[%emt 0:00:56]} Qb6 {[%emt 0:03:09]} 50. Rxc2 {[%emt 0:00:25]} Rxc2 {[%emt 0:00:02]} 51. Nd4 {[%emt 0:00:10]} Ra2 {[%emt 0:00:45]} 52. Qc3 {[%emt 0:00:41]} Qg6 {[%emt 0:00:20]} 53. Rd2 {[%emt 0:00:24]} Rxd2 {[%emt 0:01:03]} 54. Qxd2 {[%emt 0:00:01]} h5 {[%emt 0:00:26]} 55. Qb4 {[%emt 0:00:51]} Nc6 {[%emt 0:01:07]} 56. Qf8+ {[%emt 0:00:18]} Kh7 {[%emt 0:00:00]} 57. Nf3 {[%emt 0:00:40]} Qg4 {[%emt 0:00:50]} 58. Kg2 {[%emt 0:01:05]} h4 {[%emt 0:00:20]} 59. Ng5+ {[%emt 0:00:30]} Kg6 {[%emt 0:00:54]} 60. Qe8+ {[%emt 0:00:28]} Kh6 {[%emt 0:00:08]} 61. Qh8+ {[%emt 0:00:23]} Kg6 {[%emt 0:00:01]} 62. Qh7# {[%emt 0:00:08]} 1-0

[Event "ESP-chT Div I 2018"]
[Site "Linares"]
[Date "2018.08.11"]
[Round "6"]
[White "Prado Acebo, Ines"]
[Black "Garcia Molina, Jose"]
[Result "1-0"]
[WhiteElo "2084"]
[BlackElo "1969"]
[Annotator "NA"]
[PlyCount "87"]
[EventDate "2018.08.06"]
[EventType "team-tourn"]
[EventCountry "ESP"]
[SourceTitle "playchess.com"]
[Source "ChessBase"]
[SourceQuality "1"]
[TimeControl "40/5400+30:1800+30"]

1. d4 {[%emt 0:00:00]} Nf6 {[%emt 0:00:00]} 2. c4 {[%emt 0:00:00]} c5 {[%emt 0:00:00]} 3. d5 {[%emt 0:00:00]} b5 {[%emt 0:00:00]} 4. cxb5 {[%emt 0:00:19]} a6 {[%emt 0:00:04]} 5. bxa6 {[%emt 0:00:16]} g6 {[%emt 0:00:14]} 6. Nc3 {[%emt 0:00:18]} Bg7 {[%emt 0:00:17]} 7. e4 {[%emt 0:01:33]} O-O {[%emt 0:00:34]} 8. Be2 {[%emt 0:06:07]} d6 {[%emt 0:10:06]} 9. Nf3 {[%emt 0:03:14]} Qa5 {[%emt 0:02:41]} 10. a7 {[%emt 0:07:06]} Nbd7 {[%emt 0:05:55]} 11. O-O {[%emt 0:05:27]} Ba6 {[%emt 0:04:08]} 12. Re1 {[%emt 0:09:30]} Ng4 {[%emt 0:08:00]} 13. Bg5 {[%emt 0:06:42]} Rfe8 {[%emt 0:07:54]} 14. Qc2 {[%emt 0:04:06]} Nge5 {[%emt 0:06:15]} 15. Nd2 {[%emt 0:04:00]} c4 {[%emt 0:09:12]} 16. Reb1 {[%emt 0:13:20]} h6 {[%emt 0:16:09]} 17. Be3 {[%emt 0:05:18]} Qc7 {[%emt 0:09:28]} 18. Qa4 {[%emt 0:16:12]} Bb7 {[%emt 0:07:34]} 19. Nb5 {[%emt 0:01:34]} Nc5 {[%emt 0:02:28]} 20. Qc2 {[%emt 0:03:23]} Qd7 {[%emt 0:03:27]} 21. a4 {[%emt 0:01:17]} Rec8 {[%emt 0:01:46]} 22. Nxc4 {[%emt 0:01:55]} Nxc4 {[%emt 0:01:04]} 23. Bxc4 {[%emt 0:00:27]} f5 {[%emt 0:01:39]} 24. exf5 {[%emt 0:00:55]} gxf5 {[%emt 0:00:01]} 25. Ra3 {[%emt 0:00:55]} Ne4 {[%emt 0:01:25]} 26. Qe2 {[%emt 0:00:54]} Qe8 {[%emt 0:01:27]} 27. a5 {[%emt 0:01:45]} Qf7 {[%emt 0:00:31]} 28. Qd3 {[%emt 0:01:36]} Rxc4 {[%emt 0:01:03]} 29. Qxc4 {[%emt 0:00:12]} Bxd5 {[%emt 0:00:01]} 30. Qc1 {[%emt 0:01:59]} Bc4 {[%emt 0:01:04]} 31. Nc7 {[%emt 0:00:23]} Rc8 {[%emt 0:00:10]} 32. a8=Q {[%emt 0:00:12]} Rxa8 {[%emt 0:00:02]} 33. Nxa8 {[%emt 0:00:08]} e5 {[%emt 0:00:01]} 34. Nb6 {[%emt 0:00:24]} Ba6 {[%emt 0:00:18]} 35. f3 {[%emt 0:00:42]} Nf6 {[%emt 0:01:04]} 36. Bxh6 {[%emt 0:00:25]} Qg6 {[%emt 0:00:50]} 37. Bxg7 {[%emt 0:00:08]} Qxg7 {[%emt 0:00:23]} 38. Rc3 {[%emt 0:00:27]} Qg6 {[%emt 0:00:37]} 39. Rc8+ {[%emt 0:00:38]} Bxc8 {[%emt 0:00:41]} 40. Qxc8+ {[%emt 0:00:05]} Kh7 {[%emt 0:00:07]} 41. Rc1 {[%emt 0:30:20]} Qg5 {[%emt 0:30:23]} 42. a6 {[%emt 0:01:01]} Qe3+ {[%emt 0:00:11]} 43. Kh1 {[%emt 0:00:02]} Qxb6 {[%emt 0:00:15]} 44. Qc7+ {[%emt 0:00:06]} 1-0

[Event "ESP-chT Div I 2018"]
[Site "Linares"]
[Date "2018.08.11"]
[Round "6"]
[White "Martin Capitan, Feliciano"]
[Black "Argandona Riveiro, Inigo"]
[Result "0-1"]
[WhiteElo "2066"]
[BlackElo "2415"]
[Annotator "NA"]
[PlyCount "70"]
[EventDate "2018.08.06"]
[EventType "team-tourn"]
[EventCountry "ESP"]
[SourceTitle "playchess.com"]
[Source "ChessBase"]
[SourceQuality "1"]
[TimeControl "40/5400+30:1800+30"]

1. e4 {[%emt 0:00:00]} e5 {[%emt 0:00:00]} 2. Nf3 {[%emt 0:00:00]} d6 {[%emt 0:00:00]} 3. Bc4 {[%emt 0:01:36]} Be7 {[%emt 0:00:00]} 4. O-O {[%emt 0:00:47]} Nf6 {[%emt 0:00:00]} 5. d3 {[%emt 0:02:25]} O-O {[%emt 0:00:06]} 6. Re1 {[%emt 0:02:02]} c6 {[%emt 0:00:06]} 7. Nbd2 {[%emt 0:02:21]} a5 {[%emt 0:00:54]} 8. a4 {[%emt 0:03:20]} Nbd7 {[%emt 0:00:05]} 9. Nf1 {[%emt 0:03:29]} Nc5 {[%emt 0:00:10]} 10. Ng3 {[%emt 0:02:55]} Nxa4 {[%emt 0:01:47]} 11. Rxa4 {[%emt 0:03:58]} b5 {[%emt 0:00:08]} 12. Bxb5 {[%emt 0:02:42]} cxb5 {[%emt 0:00:02]} 13. Ra1 {[%emt 0:00:14]} Re8 {[%emt 0:07:32]} 14. d4 {[%emt 0:04:56]} Qc7 {[%emt 0:03:03]} 15. Bg5 {[%emt 0:04:12]} h6 {[%emt 0:03:06]} 16. Bd2 {[%emt 0:08:06]} Kh7 {[%emt 0:04:26]} 17. Re3 {[%emt 0:12:52]} Ng4 {[%emt 0:05:11]} 18. Rea3 {[%emt 0:04:42]} a4 {[%emt 0:00:47]} 19. h3 {[%emt 0:00:50]} Nf6 {[%emt 0:00:10]} 20. d5 {[%emt 0:00:43]} Bd7 {[%emt 0:02:12]} 21. Bb4 {[%emt 0:05:09]} Qc4 {[%emt 0:09:00]} 22. Qe1 {[%emt 0:00:28]} Rac8 {[%emt 0:00:28]} 23. c3 {[%emt 0:00:27]} Qc7 {[%emt 0:03:45]} 24. Qe3 {[%emt 0:01:46]} g6 {[%emt 0:11:46]} 25. Rf1 {[%emt 0:03:49]} Ng8 {[%emt 0:02:57]} 26. Qd3 {[%emt 0:02:57]} Qb6 {[%emt 0:00:39]} 27. Raa1 {[%emt 0:01:16]} Rf8 {[%emt 0:01:37]} 28. Rae1 {[%emt 0:06:49]} Rce8 {[%emt 0:03:08]} 29. Kh2 {[%emt 0:00:59]} f5 {[%emt 0:06:42]} 30. Nd2 {[%emt 0:03:06]} f4 {[%emt 0:02:45]} 31. Nh1 {[%emt 0:03:45]} h5 {[%emt 0:02:17]} 32. f3 {[%emt 0:01:46]} Nh6 {[%emt 0:06:25]} 33. g4 {[%emt 0:03:31]} fxg3+ {[%emt 0:00:18]} 34. Nxg3 {[%emt 0:00:15]} Rf4 {[%emt 0:00:09]} 35. Rh1 {[%emt 0:02:02]} Qf2# {[%emt 0:00:16]} 0-1

[Event "ESP-chT Div I 2018"]
[Site "Linares"]
[Date "2018.08.11"]
[Round "6"]
[White "Badillo Ramos, Steve"]
[Black "Ortega Ruiz, Jose Miguel"]
[Result "0-1"]
[WhiteElo "1901"]
[BlackElo "2280"]
[Annotator "NA"]
[PlyCount "56"]
[EventDate "2018.08.06"]
[EventType "team-tourn"]
[EventCountry "ESP"]
[SourceTitle "playchess.com"]
[Source "ChessBase"]
[SourceQuality "1"]
[TimeControl "40/5400+30:1800+30"]

1. e4 {[%emt 0:00:00]} e5 {[%emt 0:00:00]} 2. Nf3 {[%emt 0:01:02]} Nc6 {[%emt 0:00:00]} 3. Bc4 {[%emt 0:00:09]} Nf6 {[%emt 0:01:15]} 4. d4 {[%emt 0:04:10]} exd4 {[%emt 0:00:19]} 5. e5 {[%emt 0:00:41]} d5 {[%emt 0:00:06]} 6. Bb5 {[%emt 0:00:10]} Nd7 {[%emt 0:00:06]} 7. O-O {[%emt 0:07:15]} Be7 {[%emt 0:01:22]} 8. Bxc6 {[%emt 0:01:22]} bxc6 {[%emt 0:00:07]} 9. Nxd4 {[%emt 0:01:25]} Nb8 {[%emt 0:00:09]} 10. e6 {[%emt 0:02:17]} O-O {[%emt 0:05:00]} 11. exf7+ {[%emt 0:16:50]} Rxf7 {[%emt 0:00:14]} 12. Nc3 {[%emt 0:05:53]} c5 {[%emt 0:07:56]} 13. Nb3 {[%emt 0:00:37]} c6 {[%emt 0:06:36]} 14. Ne2 {[%emt 0:04:15]} Bd6 {[%emt 0:12:07]} 15. c3 {[%emt 0:05:07]} Ba6 {[%emt 0:06:15]} 16. Be3 {[%emt 0:00:33]} Nd7 {[%emt 0:00:43]} 17. Qd2 {[%emt 0:00:35]} Qh4 {[%emt 0:01:15]} 18. g3 Qg4 {[%emt 0:01:35]} 19. f3 {[%emt 0:25:03]} Rxf3 {[%emt 0:00:31]} 20. Rxf3 {[%emt 0:00:16]} Qxf3 {[%emt 0:00:06]} 21. Nf4 {[%emt 0:00:09]} Rf8 {[%emt 0:14:14]} 22. Re1 {[%emt 0:01:17]} Qg4 {[%emt 0:07:00]} 23. Qg2 {[%emt 0:01:57]} Qf5 {[%emt 0:04:00]} 24. h4 {[%emt 0:02:40]} Qg4 {[%emt 0:01:41]} 25. Kh2 {[%emt 0:05:58]} Bxf4 {[%emt 0:00:24]} 26. Bxf4 {[%emt 0:00:04]} Rxf4 {[%emt 0:00:04]} 27. gxf4 {[%emt 0:00:06]} Qxh4+ {[%emt 0:00:05]} 28. Qh3 {[%emt 0:00:06]} Qf2+ {[%emt 0:00:03]} 0-1

[Event "ESP-chT Div I 2018"]
[Site "Linares"]
[Date "2018.08.11"]
[Round "6"]
[White "Bermudez Revuelta, Paula"]
[Black "Cao Armillas, Jesus"]
[Result "1-0"]
[WhiteElo "1887"]
[BlackElo "2043"]
[Annotator "NA"]
[PlyCount "103"]
[EventDate "2018.08.06"]
[EventType "team-tourn"]
[EventCountry "ESP"]
[SourceTitle "playchess.com"]
[Source "ChessBase"]
[SourceQuality "1"]
[TimeControl "40/5400+30:1800+30"]

1. e4 {[%emt 0:00:00]} c5 {[%emt 0:00:00]} 2. Nf3 {[%emt 0:00:00]} d6 {[%emt 0:00:00]} 3. d4 {[%emt 0:00:00]} cxd4 {[%emt 0:00:00]} 4. Nxd4 {[%emt 0:00:00]} Nf6 {[%emt 0:00:00]} 5. Nc3 {[%emt 0:00:00]} a6 {[%emt 0:00:00]} 6. Be2 {[%emt 0:00:00]} e5 {[%emt 0:00:01]} 7. Nb3 {[%emt 0:00:00]} Be7 {[%emt 0:00:06]} 8. Bg5 {[%emt 0:00:00]} Be6 {[%emt 0:00:23]} 9. Bxf6 {[%emt 0:00:03]} Bxf6 {[%emt 0:00:42]} 10. Qd3 {[%emt 0:00:05]} Nc6 {[%emt 0:03:17]} 11. O-O-O {[%emt 0:00:04]} Nd4 {[%emt 0:12:20]} 12. Nxd4 {[%emt 0:00:06]} exd4 {[%emt 0:00:05]} 13. Nd5 {[%emt 0:00:04]} Bxd5 {[%emt 0:01:12]} 14. exd5 {[%emt 0:00:07]} O-O {[%emt 0:00:11]} 15. Qf3 {[%emt 0:00:06]} Rc8 {[%emt 0:08:20]} 16. Bd3 {[%emt 0:00:38]} Re8 {[%emt 0:04:46]} 17. Kb1 {[%emt 0:03:35]} Be5 {[%emt 0:06:07]} 18. h4 {[%emt 0:07:33]} Qf6 {[%emt 0:01:41]} 19. Qe4 {[%emt 0:03:26]} g6 {[%emt 0:03:47]} 20. h5 {[%emt 0:04:54]} Qf4 {[%emt 0:06:58]} 21. hxg6 {[%emt 0:01:51]} hxg6 {[%emt 0:00:06]} 22. Qxf4 {[%emt 0:03:26]} Bxf4 {[%emt 0:00:06]} 23. Rh4 {[%emt 0:02:44]} Be5 {[%emt 0:00:23]} 24. Rdh1 {[%emt 0:02:49]} Bf6 {[%emt 0:06:49]} 25. R4h3 {[%emt 0:05:40]} Rc5 {[%emt 0:03:28]} 26. f4 {[%emt 0:02:12]} Rxd5 {[%emt 0:02:19]} 27. g4 {[%emt 0:03:53]} Re3 {[%emt 0:05:43]} 28. b4 {[%emt 0:02:44]} b5 {[%emt 0:02:25]} 29. a4 {[%emt 0:06:33]} Re8 {[%emt 0:04:51]} 30. a5 {[%emt 0:02:46]} Bg7 {[%emt 0:02:46]} 31. Kc1 {[%emt 0:02:20]} Re3 {[%emt 0:09:04]} 32. Kd2 {[%emt 0:02:31]} g5 {[%emt 0:03:21]} 33. Rh5 {[%emt 0:01:44]} f6 {[%emt 0:00:45]} 34. c4 {[%emt 0:05:38]} Rxd3+ {[%emt 0:01:42]} 35. Kxd3 {[%emt 0:00:04]} bxc4+ {[%emt 0:00:10]} 36. Kxc4 {[%emt 0:00:05]} Rb5 {[%emt 0:00:13]} 37. Rd1 {[%emt 0:02:29]} d5+ {[%emt 0:01:55]} 38. Kb3 {[%emt 0:00:27]} Bf8 {[%emt 0:06:56]} 39. Rxd4 {[%emt 0:01:24]} Bc5 {[%emt 0:00:56]} 40. Rxd5 {[%emt 0:00:18]} Rxb4+ {[%emt 0:00:08]} 41. Kc3 {[%emt 0:30:10]} Bf8 {[%emt 0:32:29]} 42. Rd4 {[%emt 0:06:11]} Rb5 43. fxg5 {[%emt 0:03:41]} fxg5 {[%emt 0:01:14]} 44. Ra4 {[%emt 0:00:53]} Kg7 {[%emt 0:00:25]} 45. Rh1 {[%emt 0:02:14]} Be7 {[%emt 0:01:34]} 46. Rd1 {[%emt 0:00:23]} Rc5+ {[%emt 0:00:26]} 47. Kd4 {[%emt 0:01:00]} Rb5 {[%emt 0:00:25]} 48. Rc1 {[%emt 0:02:26]} Bd8 {[%emt 0:00:54]} 49. Rc5 {[%emt 0:06:08]} Rb1 {[%emt 0:00:30]} 50. Rc6 {[%emt 0:02:15]} Rg1 {[%emt 0:00:22]} 51. Kd3 {[%emt 0:00:25]} Rg3+ {[%emt 0:00:33]} 52. Ke2 {[%emt 0:00:10]} 1-0

[Event "ESP-chT Div I 2018"]
[Site "Linares"]
[Date "2018.08.12"]
[Round "7"]
[White "Van Wely, Loek"]
[Black "Tejedor Fuente, Enrique"]
[Result "1-0"]
[WhiteElo "2650"]
[BlackElo "2408"]
[Annotator "TA"]
[PlyCount "75"]
[EventDate "2018.08.06"]
[EventType "team-tourn"]
[EventCountry "ESP"]
[SourceTitle "playchess.com"]
[Source "ChessBase"]
[SourceQuality "1"]

{[%evp 31,75,0,13,7,14,0,0,-7,-4,-11,26,29,150,152,154,141,125,142,161,149,157,152,152,158,207,208,597,575,725,624,617,601,726,714,722,718,697,691,787,748,2311,2084,29994,29995,29995,29993]} 1. d4 d5 2. c4 e6 3. Nf3 Nf6 4. g3 Bb4+ 5. Bd2 Be7 6. Bg2 O-O 7. O-O c6 8. Qc2 b6 9. Bf4 Bb7 10. Rd1 Nbd7 11. Nc3 dxc4 12. Nd2 {E08: Closed Catalan: Main Line: 7 Qc2} Nd5 13. Nxc4 Nxf4 14. gxf4 Qc7 15. e3 Rac8 16. a3 Rfd8 {LiveBook: 5 Games} 17. b4 Nf8 18. Ne5 {[#]} Ng6 $146 ({Predecessor:} 18... f6 19. Nc4 Ng6 {0-1 (64) Zawadka,A (2438)-Hall,R (2603) ICCF email 2003}) 19. Nxg6 hxg6 20. Rac1 g5 21. f5 {Strongly threatening fxe6.} e5 {[#]} (21... Qd6 $11) 22. Nd5 $1 $36 {[%cal Rd5c7][%mdl 2560] White is in control.} Qd7 (22... cxd5 23. Qxc7) 23. Nxe7+ Qxe7 24. Qe4 Rd5 25. Qg4 Rdd8 26. dxe5 Qxe5 27. Qxg5 f6 28. Qg4 Ba6 $2 (28... b5 {is tougher.} 29. h4 Qe8) 29. Bxc6 $18 Kf8 {[#]} 30. b5 $1 Bxb5 31. Qb4+ Kg8 32. Qxb5 Rxd1+ 33. Rxd1 {Qc4+ would kill now.} Qxb5 34. Bxb5 {KRB-KR} Rc3 35. Rd8+ Kh7 36. Be8 Kh6 37. Bg6 Kg5 38. Kg2 {Precision: White = 71%, Black = 45%.} 1-0

[Event "ESP-chT Div I 2018"]
[Site "Linares"]
[Date "2018.08.12"]
[Round "7"]
[White "Quesada Perez, Yasser"]
[Black "Alonso Alvarez, Aitor"]
[Result "1-0"]
[WhiteElo "2534"]
[BlackElo "2306"]
[Annotator "ChessBase"]
[PlyCount "53"]
[EventDate "2018.08.06"]
[EventType "team-tourn"]
[EventCountry "ESP"]
[SourceTitle "playchess.com"]
[Source "ChessBase"]
[SourceQuality "1"]
[TimeControl "40/5400+30:1800+30"]

1. e4 {[%emt 0:00:00]} c5 {[%emt 0:00:00]} 2. Nc3 {[%emt 0:00:00]} a6 {[%emt 0:00:00]} 3. g3 {[%emt 0:00:00]} Nc6 {[%emt 0:00:00]} 4. Bg2 {[%emt 0:00:11]} g6 {[%emt 0:00:02]} 5. d3 {[%emt 0:01:02]} Bg7 {[%emt 0:00:13]} 6. f4 {[%emt 0:00:54]} e6 {[%emt 0:00:43]} 7. Be3 {[%emt 0:01:49]} d6 {[%emt 0:01:47]} 8. Nf3 {[%emt 0:00:28]} Nd4 {[%emt 0:00:09]} 9. O-O {[%emt 0:00:48]} Ne7 {[%emt 0:00:05]} 10. Qd2 {[%emt 0:03:32]} O-O {[%emt 0:00:17]} 11. Nd1 {[%emt 0:00:49]} b6 {[%emt 0:14:47]} 12. Nh4 {[%emt 0:06:23]} Rb8 {[%emt 0:04:21]} 13. c3 {[%emt 0:03:34]} Ndc6 {[%emt 0:00:11]} 14. f5 {[%emt 0:03:23]} exf5 {[%emt 0:10:56]} 15. exf5 {[%emt 0:00:36]} gxf5 {[%emt 0:01:12]} 16. Bh6 {[%emt 0:02:40]} Bxh6 {[%emt 0:07:51]} 17. Qxh6 {[%emt 0:00:06]} Ne5 {[%emt 0:00:29]} 18. Ne3 {[%emt 0:04:06]} Ng4 {[%emt 0:03:26]} 19. Nxg4 {[%emt 0:10:17]} fxg4 {[%emt 0:00:08]} 20. Rf6 {[%emt 0:00:07]} Ng6 {[%emt 0:06:49]} 21. Nxg6 {[%emt 0:01:38]} hxg6 {[%emt 0:01:22]} 22. Rxg6+ {[%emt 0:00:06]} fxg6 {[%emt 0:00:11]} 23. Qxg6+ {[%emt 0:00:03]} Kh8 {[%emt 0:00:08]} 24. Qh6+ {[%emt 0:00:04]} Kg8 {[%emt 0:00:15]} 25. Bd5+ {[%emt 0:00:04]} Rf7 {[%emt 0:00:16]} 26. Bxf7+ {[%emt 0:03:21]} Kxf7 {[%emt 0:00:59]} 27. Rf1+ {[%emt 0:00:04]} 1-0

[Event "ESP-chT Div I 2018"]
[Site "Linares"]
[Date "2018.08.12"]
[Round "7"]
[White "Dvirnyy, Danyyil"]
[Black "Mista, Aleksander"]
[Result "1/2-1/2"]
[WhiteElo "2496"]
[BlackElo "2604"]
[Annotator "TA"]
[PlyCount "99"]
[EventDate "2018.08.06"]
[EventType "team-tourn"]
[EventCountry "ESP"]
[SourceTitle "playchess.com"]
[Source "ChessBase"]
[SourceQuality "1"]

{[%evp 23,99,18,7,0,4,-2,0,0,0,0,0,0,9,0,0,-7,0,0,0,-7,-7,-7,-7,-8,-7,-7,-7,-7,-7,-9,-9,-9,-9,-9,0,0,0,-9,0,-7,0,-9,0,0,0,0,0,0,0,0,0,0,0,0,0,0,0,0,0,0,0,0,0,0,0,0,0,0,0,0,0,0,0,0,0,0,0,0]} 1. d4 Nf6 2. c4 g6 3. g3 c6 4. Nf3 Bg7 5. Bg2 O-O 6. O-O d5 7. cxd5 cxd5 8. Ne5 Bf5 9. Nc3 Ne4 10. Bf4 Nxc3 {D79: Fianchetto Grünfeld: Symmetrical Variation (6 0-0 c6 7 cxd5 cxd5)} 11. bxc3 Nc6 12. Nxc6 bxc6 {LiveBook: 5 Games. The position is equal.} 13. Qb3 e6 {[#]} 14. Rfe1 $146 ({Predecessor:} 14. Qa3 Re8 15. Bd6 e5 16. dxe5 Bxe5 17. Bxe5 {½-½ (17) Grachev,B (2672)-Cheparinov,I (2681) Kocaeli 2014}) 14... g5 15. Bc1 h6 16. Ba3 Re8 17. Qa4 Qd7 18. Rac1 Rab8 19. e3 Rb7 20. c4 Reb8 21. Rc3 Bf8 22. Bxf8 Kxf8 23. Rec1 Kg7 24. Rb3 Rxb3 25. axb3 Qb7 26. cxd5 cxd5 27. h3 Bg6 28. Rc3 Rc8 29. Rc5 Rb8 30. Rc3 Qb6 31. Bf3 a5 32. Rc5 Qb4 33. Qxa5 Qxb3 34. Rc1 Rb4 35. Qd8 {[#] White threatens Rc8 and mate.} Rb8 36. Qc7 Qa3 37. Kg2 Kh7 38. h4 gxh4 $1 {[#] White must now prevent ...Rb2.} 39. Qxb8 h3+ 40. Kxh3 Qxc1 41. Bg2 Qg1 42. Qf4 h5 43. f3 Qf2 44. Kh2 Qb2 45. Qf6 Kg8 46. Qe5 Bf5 47. Qf6 Bg6 48. Qe5 Bf5 49. Qf6 Bg6 50. Qe5 {Precision: White = 65%, Black = 68%.} 1/2-1/2